[Event "Miedzyzdroje OB Seniors 24th"]
[Site "Miedzyzdroje"]
[Date "2016.06.25"]
[Round "9"]
[White "Dorosz, Mieczyslaw"]
[Black "Berger, Volkmar"]
[Result "0-1"]
[WhiteElo "1520"]
[BlackElo "1723"]
[PlyCount "72"]
[EventDate "2016.06.17"]
[EventType "swiss"]
[EventRounds "9"]
[EventCountry "POL"]
[SourceTitle "EXT 2019"]
[Source "ChessBase"]
[SourceDate "2018.10.10"]
[SourceVersion "1"]
[SourceVersionDate "2018.10.10"]
[SourceQuality "1"]

1. d4 Nf6 2. Nf3 g6 3. g3 Bg7 4. Bg2 0-0 5. c3 d5 6. Nbd2 Bf5 7. 0-0 Nc6 8. Nb3 Re8 9. Bf4 Ne4 10. Qc1 a5 11. a4 Rb8 12. Bh6 Bf6 13. Bg5 Nxg5 14. Nxg5 e5 15. Nf3 exd4 16. Nfxd4 Nxd4 17. Nxd4 Bxd4 18. cxd4 Rxe2 19. Qc3 c6 20. Rac1 Qb6 21. b3 Rbe8 22. Bf3 R2e7 23. g4 Be4 24. Kg2 Qb4 25. Qxb4 axb4 26. Rfd1 Bxf3+ 27. Kxf3 Re2 28. h3 Rb2 29. Rb1 Rc2 30. Rbc1 Rce2 31. Rb1 R8e4 32. Rd3 Rc2 33. Rbd1 Ree2 34. Re1 Rb2 35. h4 Rec2 36. Ke3 Rxf2 0-1

[Event "Miedzyzdroje OB Seniors 24th"]
[Site "Miedzyzdroje"]
[Date "2016.06.22"]
[Round "6"]
[White "Grunewald, Peter"]
[Black "Dorosz, Mieczyslaw"]
[Result "1-0"]
[WhiteElo "1886"]
[BlackElo "1520"]
[PlyCount "97"]
[EventDate "2016.06.17"]
[EventType "swiss"]
[EventRounds "9"]
[EventCountry "POL"]
[SourceTitle "EXT 2019"]
[Source "ChessBase"]
[SourceDate "2018.10.10"]
[SourceVersion "1"]
[SourceVersionDate "2018.10.10"]
[SourceQuality "1"]

1. c4 e6 2. d4 c6 3. Nf3 d5 4. Nc3 Nf6 5. Bg5 Nbd7 6. e3 Be7 7. Bd3 h6 8. Bh4 Nb6 9. c5 Nbd7 10. 0-0 Nh5 11. Bxe7 Qxe7 12. b4 a6 13. Re1 Nhf6 14. a4 0-0 15. b5 e5 16. e4 dxe4 17. Nxe4 Nxe4 18. Bxe4 axb5 19. axb5 Rxa1 20. Qxa1 cxb5 21. Bd5 Kh8 22. Nxe5 Nxe5 23. Rxe5 Qd7 24. Bf3 Re8 25. d5 f6 26. Rxe8+ Qxe8 27. h3 Bd7 28. Qa5 Kg8 29. Qc3 Qe5 30. Qxe5 fxe5 31. d6 Kf7 32. Bxb7 Ke6 33. c6 Kxd6 34. cxd7 Kxd7 35. Kf1 Kd6 36. Ke2 Kc5 37. Kd2 Kd4 38. Bc6 b4 39. Kc2 g6 40. Kb3 Kc5 41. Bf3 g5 42. Bh5 Kb5 43. Kc2 Kc4 44. Kd2 Kd4 45. f3 Kc5 46. Ke3 Kd5 47. Bf7+ Kc5 48. Ke4 Kd6 49. Kf5 1-0

[Event "Miedzyzdroje OB Seniors 24th"]
[Site "Miedzyzdroje"]
[Date "2016.06.19"]
[Round "3"]
[White "Dorosz, Mieczyslaw"]
[Black "Funke, Hermann"]
[Result "1-0"]
[WhiteElo "1520"]
[BlackElo "1702"]
[PlyCount "52"]
[EventDate "2016.06.17"]
[EventType "swiss"]
[EventRounds "9"]
[EventCountry "POL"]
[SourceTitle "EXT 2019"]
[Source "ChessBase"]
[SourceDate "2018.10.10"]
[SourceVersion "1"]
[SourceVersionDate "2018.10.10"]
[SourceQuality "1"]

1. d4 Nf6 2. Nf3 e6 3. g3 d5 4. Bg2 Be7 5. Nbd2 Nbd7 6. c3 0-0 7. Qc2 c5 8. e3 b6 9. 0-0 Bb7 10. Re1 Re8 11. Qd1 Qc7 12. Qe2 Ne4 13. Nxe4 dxe4 14. Nd2 f5 15. f3 Nf6 16. fxe4 Nxe4 17. Nxe4 fxe4 18. Qg4 Qc6 19. Bd2 Rf8 20. Rf1 Rf7 21. Qe2 b5 22. Rf4 Qd7 23. Bxe4 Bxe4 24. Rxe4 c4 25. Rf1 Bf6 26. Rg4 e5 1-0

[Event "Miedzyzdroje OB Seniors 23rd"]
[Site "Miedzyzdroje"]
[Date "2015.06.24"]
[Round "8"]
[White "Dorosz, Mieczyslaw"]
[Black "Ollek, Karl Heinz"]
[Result "1/2-1/2"]
[WhiteElo "1441"]
[BlackElo "1722"]
[PlyCount "82"]
[EventDate "2015.06.17"]
[EventType "swiss"]
[EventRounds "8"]
[EventCountry "POL"]
[SourceTitle "EXT 2018"]
[Source "ChessBase"]
[SourceDate "2017.10.13"]
[SourceVersion "1"]
[SourceVersionDate "2017.10.13"]
[SourceQuality "1"]

1. d4 f5 2. Nf3 Nf6 3. g3 g6 4. c3 Bg7 5. Bg2 c6 6. Qb3 e6 7. Bg5 Qb6 8. Qxb6 axb6 9. Bxf6 Bxf6 10. e3 g5 11. h3 d6 12. a3 Nd7 13. Nbd2 b5 14. e4 0-0 15. Nh2 Nb6 16. 0-0 Na4 17. Rab1 Bd7 18. Rfe1 e5 19. dxe5 dxe5 20. g4 f4 21. Bf1 Be6 22. c4 Rad8 23. Red1 bxc4 24. Bxc4 Nc5 25. Bxe6+ Nxe6 26. Nb3 b6 27. Nf3 c5 28. Nbd2 Nd4 29. Nxd4 cxd4 30. a4 Rc8 31. Rdc1 d3 32. Rc3 Rxc3 33. bxc3 Rc8 34. c4 Rc6 35. Rb3 Rd6 36. Kf1 Kf7 37. Ke1 Bd8 38. Nf3 Ke6 39. Kd2 h6 40. Rxd3 Be7 41. Rxd6+ Bxd6 1/2-1/2